• 首页
  • 本馆介绍
  • 公告通知
  • 最新文献
  • 馆藏检索
  • 电子资源
  • 读者导购
  • 参考咨询
  • 我的图书馆
  • 登录
  • 详细信息显示
  • 放入我的书架
  • 预约/预借图书
  • 作者相关作品
  • 分类相关作品
  • 丛书相关作品
  • 出版社相关作品

书目信息

  • 表格格式
  • 工作单格式
  • 卡片格式
题名:
爱车实用手册
    
 
作者: 赵新 , 李睿 编著
分册:  
出版信息: 北京   北京科学技术出版社  2006
页数: 245页
开本: 21cm
丛书名:
单 册:
中图分类: U469.11
科图分类:
主题词: 汽车--基本知识 , 汽车
电子资源:
ISBN: 7-5304-3291-5
000 00754nam0 2200241 450
001 010010014000
005 20061030095719.90
010    @a7-5304-3291-5@dCNY16.80
100    @a20060213d2006 em y0chiy0110 ea
101 0  @achi
102    @aCN@b110000
105    @aa z 000yy
200 1  @a爱车实用手册@9ai che shi yong shou ce@f赵新,李睿编著
210    @a北京@c北京科学技术出版社@d2006
215    @a245页@c图@d21cm
330    @a本书共分四篇,内容包括:选车篇——揭开爱车的面纱;购车篇——带爱车回家;行车篇——新车上路;养车篇——我爱我车。
606 0  @a汽车@x基本知识
606 0  @a汽车
690    @aU469.11@v3
701  0 @a赵新@9zhao xin@4编著
701  0 @a李睿@9li rui@4编著
801  0 @aCN@bRENTIAN@c20061030
905    @a10447@dU469.11@e132
    
    爱车实用手册/赵新,李睿编著.-北京:北京科学技术出版社,2006
    245页:图;21cm
    
    
    ISBN 7-5304-3291-5:CNY16.80
    本书共分四篇,内容包括:选车篇——揭开爱车的面纱;购车篇——带爱车回家;行车篇——新车上路;养车篇——我爱我车。
●
相关链接 在E读中查询图书 在五车中查询图书 在当当中查询图书 在豆瓣中查询图书


正题名:爱车实用手册     索取号:U469.11/132         预约/预借

序号 登录号 条形码 馆藏地/架位号 状态 备注
1 0388905   203889051   第二样本阅览室/ [索取号:U469.11/132] 在馆    
2 0388906   203889060   第三借阅区/ [索取号:U469.11/132] 在馆    
3 0388907   203889079   第三借阅区/ [索取号:U469.11/132] 在馆    
4 0388908   203889088   第三借阅区/ [索取号:U469.11/132] 在馆    
5 0388909   203889097   第三借阅区/ [索取号:U469.11/132] 在馆    
唐山师范学院图书馆 欢迎您!
大连网信软件有限公司© 版权所有